000 00497nam a2200181Ia 4500
005 20250923145424.0
008 008 250917s9999 xx 000 0 eng d
037 _aTextual
040 _aDSWL
_beng
_cDSWL
041 _aeng
_2eng
084 _aYxM64, J8;1
_qDSWL
100 _aWeber, Max
_9835137
245 0 _aReligion of India
_c by Max Weber
260 _aIllinois
_bFree Press
_c1958
300 _a392 p.
942 _cTEXL
_hYxM64, J8;1
999 _c1451158
_d1451158